zgadnij kraj po kawałku jego kształtu! - Statystyki

Ogólne statystyki
  • Ten quiz został rozwiązany 53 razy
  • Średni wynik to 9 z 11
Statystyki odpowiedzi
Obrazkowy Odpowiedź % Poprawnych
Słowacja
100%
Francja
98%
Szwecja
98%
Albania
96%
Indonezja
96%
Kazachstan
93%
Jamajka
89%
Chile
78%
Uzbekistan
62%
Palau
51%
Tanzania
38%
Nie znaleziono quizów pasujących do podanych kryteriów
Rozkład punktacji
Procent ludzi z każdym wynikiem
Percentyl według liczby udzielonych odpowiedzi
Twoja historia wyników
Nie rozwiązałeś tego quizu